| 000 | 00375nam a2200145Ia 4500 | ||
|---|---|---|---|
| 008 | 230312s9999||||xx |||||||||||||| ||und|| | ||
| 020 | _a978-81-317-20 | ||
| 082 |
_a532.05 _bMAL-A |
||
| 100 | _aMalalasekra;w | ||
| 245 | 3 | _aAn Introduction to computation fluid dynamics | |
| 260 |
_bPerason _aindia _c2017 |
||
| 300 | _a501 | ||
| 650 |
_aEngineering _vMechanics |
||
| 942 | _cBK | ||
| 999 |
_c12303 _d12303 |
||